<?xml version="1.0" encoding="UTF-8"?>
<record
    xmlns:xsi="http://www.w3.org/2001/XMLSchema-instance"
    xsi:schemaLocation="http://www.loc.gov/MARC21/slim http://www.loc.gov/standards/marcxml/schema/MARC21slim.xsd"
    xmlns="http://www.loc.gov/MARC21/slim">

  <leader>02362cam a2200361 a 4500</leader>
  <controlfield tag="001">16423634</controlfield>
  <controlfield tag="005">20110413160355.0</controlfield>
  <controlfield tag="008">100819s2010    caua     b    000 0 eng d</controlfield>
  <datafield tag="020" ind1=" " ind2=" ">
    <subfield code="a">1584350873</subfield>
  </datafield>
  <datafield tag="020" ind1=" " ind2=" ">
    <subfield code="a">9781584350873</subfield>
  </datafield>
  <datafield tag="040" ind1=" " ind2=" ">
    <subfield code="a">UKM</subfield>
    <subfield code="c">UKM</subfield>
    <subfield code="d">BTCTA</subfield>
    <subfield code="d">C#P</subfield>
    <subfield code="d">YDXCP</subfield>
    <subfield code="d">BWX</subfield>
    <subfield code="d">FDA</subfield>
    <subfield code="d">CDX</subfield>
    <subfield code="d">DLC</subfield>
  </datafield>
  <datafield tag="041" ind1="1" ind2=" ">
    <subfield code="a">eng</subfield>
    <subfield code="h">ita</subfield>
  </datafield>
  <datafield tag="082" ind1="0" ind2="4">
    <subfield code="a">330.9051</subfield>
    <subfield code="2">22</subfield>
    <subfield code="b">CRI</subfield>
  </datafield>
  <datafield tag="130" ind1="0" ind2=" ">
    <subfield code="a">Crisi dell'economia globale.</subfield>
    <subfield code="l">English.</subfield>
    <subfield code="9">30298</subfield>
  </datafield>
  <datafield tag="245" ind1="1" ind2="0">
    <subfield code="a">Crisis in the Global Economy :</subfield>
    <subfield code="b">Financial Markets, Social Struggles, and New Political Scenarios /</subfield>
    <subfield code="c">edited by Andrea Fumagalli and Sandro Mezzadra ; translated by Jason Francis McGimsey ; afterword by Antonio Negri.</subfield>
  </datafield>
  <datafield tag="260" ind1=" " ind2=" ">
    <subfield code="a">Los Angeles :</subfield>
    <subfield code="b">Semiotext(e) ;</subfield>
    <subfield code="a">Cambridge, Mass. :</subfield>
    <subfield code="b">Distributed by the MIT Press,</subfield>
    <subfield code="c">c2010.</subfield>
  </datafield>
  <datafield tag="300" ind1=" " ind2=" ">
    <subfield code="a">301 p. :</subfield>
    <subfield code="b">ill. ;</subfield>
    <subfield code="c">23 cm.</subfield>
  </datafield>
  <datafield tag="490" ind1="1" ind2=" ">
    <subfield code="a">Semiotext(e) active agents series</subfield>
    <subfield code="9">30299</subfield>
  </datafield>
  <datafield tag="504" ind1=" " ind2=" ">
    <subfield code="a">Includes bibliographical references.</subfield>
  </datafield>
  <datafield tag="505" ind1="0" ind2="0">
    <subfield code="g">Introduction /</subfield>
    <subfield code="r">Sandro Mezzadra --</subfield>
    <subfield code="t">The violence of financial capitalism /</subfield>
    <subfield code="r">Christian Marazzi --</subfield>
    <subfield code="t">The global economic crisis and socioeconomic governance /</subfield>
    <subfield code="r">Andrea Fumagalli --</subfield>
    <subfield code="t">The crisis of the law of value and the becoming-rent of profit /</subfield>
    <subfield code="r">Carlo Vercellone --</subfield>
    <subfield code="t">Financialization as biopower /</subfield>
    <subfield code="r">Stefano Lucarelli --</subfield>
    <subfield code="t">On the threshold of capital, at the thresholds of the common /</subfield>
    <subfield code="r">Federico Chicchi --</subfield>
    <subfield code="t">New economy, financialization and social production in the web 2.0 /</subfield>
    <subfield code="r">Tiziana Terranova --</subfield>
    <subfield code="t">Cognitive capitalism and the financialization of economic systems /</subfield>
    <subfield code="r">Bernard Paulr&#xFFFD;e --</subfield>
    <subfield code="t">Global crisis :</subfield>
    <subfield code="t">global proletarianization :</subfield>
    <subfield code="t">counter-perspectives /</subfield>
    <subfield code="r">Karl Heinz Roth --</subfield>
    <subfield code="t">Nothing will ever be the same :</subfield>
    <subfield code="t">ten theses on the financial crisis --</subfield>
    <subfield code="g">Postface /</subfield>
    <subfield code="r">Antonio Negri.</subfield>
  </datafield>
  <datafield tag="546" ind1=" " ind2=" ">
    <subfield code="a">Translated from the Italian.</subfield>
  </datafield>
  <datafield tag="650" ind1=" " ind2="0">
    <subfield code="a">Financial crises.</subfield>
    <subfield code="9">30300</subfield>
  </datafield>
  <datafield tag="650" ind1=" " ind2="0">
    <subfield code="a">Capitalism.</subfield>
    <subfield code="9">30301</subfield>
  </datafield>
  <datafield tag="650" ind1=" " ind2="0">
    <subfield code="a">Globalization</subfield>
    <subfield code="x">Economic aspects.</subfield>
    <subfield code="9">30302</subfield>
  </datafield>
  <datafield tag="650" ind1=" " ind2="0">
    <subfield code="a">Economic history</subfield>
    <subfield code="y">21st century.</subfield>
    <subfield code="9">30303</subfield>
  </datafield>
  <datafield tag="650" ind1=" " ind2="0">
    <subfield code="a">International economic relations.</subfield>
    <subfield code="9">30304</subfield>
  </datafield>
  <datafield tag="653" ind1=" " ind2=" ">
    <subfield code="b">Eco</subfield>
    <subfield code="c">June2012</subfield>
  </datafield>
  <datafield tag="700" ind1="1" ind2=" ">
    <subfield code="a">Fumagalli, Andrea.</subfield>
    <subfield code="9">30305</subfield>
  </datafield>
  <datafield tag="700" ind1="1" ind2=" ">
    <subfield code="a">Mezzadra, Sandro.</subfield>
    <subfield code="9">30306</subfield>
  </datafield>
  <datafield tag="942" ind1=" " ind2=" ">
    <subfield code="2">ddc</subfield>
    <subfield code="c">BB</subfield>
  </datafield>
  <datafield tag="999" ind1=" " ind2=" ">
    <subfield code="c">16811</subfield>
    <subfield code="d">16811</subfield>
  </datafield>
  <datafield tag="952" ind1=" " ind2=" ">
    <subfield code="0">0</subfield>
    <subfield code="1">0</subfield>
    <subfield code="2">ddc</subfield>
    <subfield code="4">0</subfield>
    <subfield code="7">0</subfield>
    <subfield code="8">Baccah</subfield>
    <subfield code="a">MAIN</subfield>
    <subfield code="b">MAIN</subfield>
    <subfield code="c">1ST</subfield>
    <subfield code="d">2012-06-27</subfield>
    <subfield code="e">purchase</subfield>
    <subfield code="g">98.00</subfield>
    <subfield code="h">15316</subfield>
    <subfield code="l">3</subfield>
    <subfield code="m">16</subfield>
    <subfield code="o">330.9051 CRI</subfield>
    <subfield code="p">000026902</subfield>
    <subfield code="r">2025-07-15 00:00:00</subfield>
    <subfield code="s">2016-12-14</subfield>
    <subfield code="y">BB</subfield>
  </datafield>
</record>
